| 000 -LEADER |
| fixed length control field |
00933cam a22002657a 4500 |
| 001 - CONTROL NUMBER |
| control field |
17082 |
| 003 - CONTROL NUMBER IDENTIFIER |
| control field |
BD-DhUAP |
| 005 - DATE AND TIME OF LATEST TRANSACTION |
| control field |
20210112092906.0 |
| 008 - FIXED-LENGTH DATA ELEMENTS--GENERAL INFORMATION |
| fixed length control field |
070530s2007 ii a b u001 0 eng d |
| 020 ## - INTERNATIONAL STANDARD BOOK NUMBER |
| International Standard Book Number |
0070636931 |
| 040 ## - CATALOGING SOURCE |
| Original cataloging agency |
YDXCP |
| Transcribing agency |
BD-DhUAP |
| Modifying agency |
BD-DhUAP |
| -- |
DLC |
| Language of cataloging |
Eng |
| 082 04 - DEWEY DECIMAL CLASSIFICATION NUMBER |
| Classification number |
621.3821 DAW |
| Edition number |
23 |
| 100 1# - MAIN ENTRY--PERSONAL NAME |
| Personal name |
Dawson, Martin. |
| 245 10 - TITLE STATEMENT |
| Title |
IP location : |
| Remainder of title |
Geographic location measurement, delivery & conveyance / |
| Statement of responsibility, etc. |
Martin Dawson, James Winterbottom and Martin Thomson. |
| 250 ## - EDITION STATEMENT |
| Edition statement |
Tata McGraw-Hill edition. |
| 260 ## - PUBLICATION, DISTRIBUTION, ETC. |
| Place of publication, distribution, etc. |
New Delhi : |
| Name of publisher, distributor, etc. |
Tata Mcgraw-Hill Publishing Company Limited, |
| Date of publication, distribution, etc. |
c2007. |
| 300 ## - PHYSICAL DESCRIPTION |
| Extent |
xxi, 338 pages : |
| Other physical details |
illustrations ; |
| Dimensions |
24 cm. |
| 490 ## - SERIES STATEMENT |
| Series statement |
McGraw-Hill communications. |
| 504 ## - BIBLIOGRAPHY, ETC. NOTE |
| Bibliography, etc. note |
Includes bibliographical references and index. |
| 650 #0 - SUBJECT ADDED ENTRY--TOPICAL TERM |
| Topical term or geographic name entry element |
TCP/IP (Computer network protocol) |
| 650 #0 - SUBJECT ADDED ENTRY--TOPICAL TERM |
| Topical term or geographic name entry element |
Geographical positions. |
| 700 1# - ADDED ENTRY--PERSONAL NAME |
| Personal name |
Winterbottom, James. |
| 700 1# - ADDED ENTRY--PERSONAL NAME |
| Personal name |
Thomson, Martin. |
| 942 ## - ADDED ENTRY ELEMENTS (KOHA) |
| Source of classification or shelving scheme |
|
| Koha item type |
Book |